Professional Red Hat Linux 9 Secrets (Record no. 162)

MARC details
000 -LEADER
fixed length control field 00439nam a22001697a 4500
005 - DATE AND TIME OF LATEST TRANSACTION
control field 20180206152023.0
008 - FIXED-LENGTH DATA ELEMENTS--GENERAL INFORMATION
fixed length control field 160428b xxu||||| |||| 00| 0 eng d
020 ## - INTERNATIONAL STANDARD BOOK NUMBER
ISBN 81-2650448-X
041 ## - LANGUAGE CODE
Language code of text/sound track or separate title eng
082 ## - DEWEY DECIMAL CLASSIFICATION NUMBER
Item number 00571
Classification number 005.432
100 ## - MAIN ENTRY--AUTHOR NAME
Personal name BarkaKati's Naba
245 ## - TITLE STATEMENT
Title Professional Red Hat Linux 9 Secrets
260 ## - PUBLICATION, DISTRIBUTION, ETC. (IMPRINT)
Place of publication New Delhi
Name of publisher Wiley Pbul. Inc,
Year of publication 2003
300 ## - PHYSICAL DESCRIPTION
Number of Pages 1038
650 ## - SUBJECT ADDED ENTRY--TOPICAL TERM
Topical Term Information Technology
942 ## - ADDED ENTRY ELEMENTS (KOHA)
Koha item type Books
Holdings
Lost status Damaged status Collection code Home library Current library Shelving location Date acquired Cost, normal purchase price Full call number Accession Number Koha item type
    CS/IT JRU Library JRU Library SHELF-51-C 28/04/2016 499.00 005.432 00571 Books
    CS/IT JRU Library JRU Library SHELF-51-C 28/04/2016 499.00 005.432 00572 Books